Capitali che terminano con la T - Statistics

Statistiche generali
  • Questo quiz è stato fatto 75 volte
  • Il punteggio medio è 5 su 8
Statistiche sulle risposte
Popolazione (ab.) Continente Capitale % Corretto
2 103 346 Europa Bucarest
78%
1 1759 497 Europa Budapest
78%
2 504 750 Africa Rabat
74%
1 031 992 Asia Aşgabat
61%
2 371 300 Asia Taškent
59%
450 000 Asia Beirut
57%
958 399 Africa Nouakchott
44%
96 100 Asia Al Kuwait
11%
Nessun quiz corrispondente trovato
Distribuzione punteggi
Percentuale di utenti per punteggio
Percentile per numero di risposta
I tuoi punteggi nel tempo
Non hai fatto questo quiz